000
00317nam a2200133Ia 4500
005
20260328101523.0
008
260328s9999||||xx |||||||||||||| ||und||
100
_a
Merton, R.K.
245
0
_a
SociologĂa de la Vivienda /
_c
R.K. Merton
260
_b
Ediciones 3
300
_a
289 p.
650
_a
VIVIENDA
942
_c
BK
999
_c
9685
_d
9685